000
00248nam a2200097 a 4500
005
20200930073835.0
008
111018s2004 000 spa d
245
0
_a
Juventud, polĂtica y el nuevo milenio.
260
_a
s. l.,
_c
s. f.
999
_c
34174
_d
34174
040
_a
DO-SdBNP